Marcatori dell'Argentina in Copa América 2021 - Statistics

Statistiche generali
  • Questo quiz è stato fatto 14 volte
  • Il punteggio medio è 8 su 12
Statistiche sulle risposte
Partita Minuto Marcatore % Corretto
Argentina - Cile 1-1 33' Lionel Messi
100%
Bolivia - Argentina 1-4 33' Lionel Messi
100%
Bolivia - Argentina 1-4 42' Lionel Messi
100%
Argentina - Ecuador 3-0 93' Lionel Messi
100%
Argentina - Brasile 1-0 22' Ángel Di María
92%
Bolivia - Argentina 1-4 65' Lautaro Martínez
69%
Argentina - Ecuador 3-0 84' Lautaro Martínez
69%
Argentina - Colombia 1-1 7' Lautaro Martínez
69%
Argentina - Ecuador 3-0 40' Rodrigo de Paul
46%
Argentina - Paraguay 1-0 10' Alejandro Gómez
8%
Bolivia - Argentina 1-4 8' Alejandro Gómez
8%
Argentina - Uruguay 1-0 13' Guido Rodríguez
8%
Nessun quiz corrispondente trovato
Distribuzione punteggi
Percentuale di utenti per punteggio
Percentile per numero di risposta
I tuoi punteggi nel tempo
Non hai fatto questo quiz